Historia de la heurística
Na minha lista:
| Autor principal: | |
|---|---|
| Formato: | Livro |
| Idioma: | espanhol |
| Publicado em: |
Ciudad de México
Universidad Nacional Autónoma de México
1988
|
| Colecção: | Cuadernos del seminario de problemas científicos y filosóficos, 1
|
| Assuntos: | |
| Tags: |
Adicionar Tag
Sem tags, seja o primeiro a adicionar uma tag!
|
MARC
| LEADER | 00000nam a2200000 a 4500 | ||
|---|---|---|---|
| 001 | UCW1175 | ||
| 003 | CL-VaPUC | ||
| 008 | 911125e19880000MX |||||||||||||||||spa|d | ||
| 082 | 0 | 4 | |a 509 |b LEC |2 21 |
| 100 | 0 | |a Leclercq, René |e author |9 305077 | |
| 245 | 1 | 0 | |a Historia de la heurística |
| 300 | |a 25 p | ||
| 942 | |c BK | ||
| 945 | |d 19911125 00:00:00 | ||
| 260 | |a Ciudad de México |b Universidad Nacional Autónoma de México |c 1988 | ||
| 650 | 7 | |a CIENCIA HISTORIA |2 CL-VaPUC |9 263304 | |
| 650 | 7 | |a INVENTOS HISTORIA |2 CL-VaPUC |9 270556 | |
| 650 | 0 | |a Investigación científica |9 259857 | |
| 583 | |a last modification |c 19911125 00:00:00 |k Rodrigo Vera | ||
| 490 | 0 | |a Cuadernos del seminario de problemas científicos y filosóficos, 1 | |
| 999 | |c 216098 |d 216096 | ||
| 952 | |0 0 |1 0 |4 0 |6 509_000000000000000_LEC_1988 |7 0 |8 A |9 201562 |a BIBMAT |b BIBMAT |d 2019-11-14 |i 268828K |o 509 LEC 1988 |p 268828K |r 2025-01-07 |w 2019-11-14 |y BK |k MAT | ||